The democratic predicament : (Record no. 76495)

MARC details
000 -LEADER
fixed length control field 00677nam a22001937a 4500
005 - DATE AND TIME OF LATEST TRANSACTION
control field 20130620120042.0
010 ## - LCCN (DPL NO)
LC control number ENG-107570
020 ## - INTERNATIONAL STANDARD BOOK NUMBER
International Standard Book Number 9780415811897
Terms of availability 895.00
035 ## - SYSTEM CONTROL NUMBER
System control number EN-91103
037 ## - SOURCE OF ACQUISITION
Source of stock number/acquisition DBAD/PUB
245 ## - TITLE STATEMENT
Title The democratic predicament :
Statement of responsibility, etc edited by Jyotirmaya Tripathi [and] Sudarsan Padmanabhan
Remainder of title cultural diversity in Europe and India /
260 ## - PUBLICATION, DISTRIBUTION, ETC. (IMPRINT)
Place of publication, distribution, etc New Delhi
Name of publisher, distributor, etc Routledge
Date of publication, distribution, etc 2013
270 ## - ADDRESS
Address 912, Tolstoy House, 15-17 Tolstoy Marg, Connaught Place
City New Delhi
Postal code 110001
300 ## - PHYSICAL DESCRIPTION
Extent xix,346p.
Dimensions 23cm(Hb)
500 ## - GENERAL NOTE
General note Includs biblographical reference and index
700 ## - ADDED ENTRY--PERSONAL NAME
Personal name Tripathy, Jyotirmaya
700 ## - ADDED ENTRY--PERSONAL NAME
Personal name Padmanabhan, Sudarsan
942 ## - ADDED ENTRY ELEMENTS (KOHA)
Source of classification or shelving scheme Dewey Decimal Classification
Item type English Books
Call number suffix DEM
Holdings
Withdrawn status Lost status Not for loan Collection code Home library Current library Date acquired Source of acquisition Cost, normal purchase price Full call number Barcode Copy number Cost, replacement price Koha item type
    Not For Loan Non-fiction D.B.Act.Division D.B.Act.Division 06/06/2013 DBAD / PUB 895.00 DEM EN-91103 1 895.00 English Books

© Delhi Public Library
Hit Counter
free hit counter